Anime Descriptions #2 - Statistics

General Stats
  • This quiz has been taken 928 times
  • The average score is 10 of 20
Answer Stats
Hint Answer % Correct
A note book that can kill falls in the hands of a high schooler who uses it to cleanse society as he sees fit Death Note
99%
Starved and neglected boy gets the devilish power of achainsaw and is recruited to kill devils with it for work Chainsaw Man
89%
It only takes one punch for this hero to win his battles andhe's already bored One Punch Man
89%
A spy, an assassin and an esper form a fake family for the sake of coverage Spy x Family
89%
Boy without powers gets them unexpectedly and joins ahigh school for superheroes My Hero Academia
85%
The food they make is so good it bares your soul - and your clothes Food Wars
77%
Two brothers embark on a journey in order to getback their missing body parts Fullmetal Alchemist
75%
During the Viking's era, a kid seeks revenge for his father Vinland Saga
69%
In Victorian era England, a young Earl solves mysterieswith the help of his capable and enigmatic butler Black Butler
58%
Multiple generations of the same family fight evil through the power of energy manifestations called Stands Jojo's Bizarre Adventure
55%
A zombie apocalypse breaks out and a bunch of sexyhighschool girls and two boys have to survive Highschool of the Dead
50%
The Demon Lord fell into our world and is forced to workinto a fast food chain to make ends meet The Devil is a Part Timer
50%
Satan had twins and they are both pissed at him Blue Exorcist
35%
Girl falls into a well and gets transported to ancient Japan where she meets a dog demon boy Inuyasha
26%
Society is ruled by a system that measures the mental health of its citizens Psycho Pass
25%
A veteran of the Russo-Japanese war searches for goldwith the help of a native Ainu girl Golden Kamuy
11%
A Japanese salary man is left for dead by his company inthe hands of modern pirates so he joins them Black Lagoon
10%
Mean salary man gets murdered and is transported to amilitary world with magic as a little girl Youjo Senki
7%
Red panda office lady takes out her everyday frustrationsin death metal karaoke Aggressive Retsuko
3%
NEET sextuplets in their mid 20s struggle with adulthood Osomatsu san
1%
No matching quizzes found
Score Distribution
Percent of People with Each Score
Percentile by Number Answered
Your Score History
You have not taken this quiz